| 000 | 01017nam a22002295i 4500 | ||
|---|---|---|---|
| 001 | 159988 | ||
| 003 | ES-MaACL | ||
| 005 | 20250726075515.0 | ||
| 008 | 010607s1898 fr |||| | fre d | ||
| 040 |
_aCCPB | B _bspa _cCCPB | B |
||
| 080 | _a944"687/987"(093) | ||
| 100 | 1 |
_aMonod, Gabriel. _982255 |
|
| 245 | 1 | 0 |
_aEtudes critiques sur les sources de l'histoire carolingienne / _cpar Gabriel Monod. |
| 260 |
_aParis : _bLibrairie Émile Bouillon, _c1898 ( _eNogent-le-Rotrou : _fImp. Daupeley-Gouverneur) |
||
| 300 |
_a174 p. ; _c25 cm. |
||
| 490 | 1 |
_aBibliothèque de l'École des hautes etudes. Sciences philologiques et historiques ; _v119 |
|
| 505 | 8 | _aContiene: Introduction ; Les annales carolingiennes : premier livre, des origines à 829 | |
| 651 | 4 |
_aFrancia- _xHistoria- _y687-987, Carolingios. _98699 |
|
| 830 | 1 | 0 |
_aBibliothèque de l'École des Hautes Études. Sciences historiques et philologiques _v119 _9229685 |
| 852 |
_aES-MaACL _jC-7638 _z- Enc. hol. |
||
| 999 |
_c159988 _d159988 |
||